000 00309nam a2200121 a 4500
005 20140414131922.0
008 101023s19uu xx 00 eng d
050 _aER
_bB14 1998
100 _aShannon, David
245 _aA bad case of stripes.
260 _aNew York :
_bScholastic ,
_c1998.
999 _c111829
_d111829